| 000 | 02064nam a22003497a 4500 | ||
|---|---|---|---|
| 999 |
_c23414 _d23414 |
||
| 003 | AR-CdUCM | ||
| 008 | 251216b2025 pe ||||| |||| 00| 0 esp d | ||
| 040 |
_aMUNICIPALIDAD PROVINCIAL DEL CUSCO _cBIBLIOTECA MUNICIPAL DEL CUSCO |
||
| 041 | _hspa | ||
| 082 |
_a390.1 / _bC66 |
||
| 100 |
_a Díaz Jurado, José Mauricio. _951921 |
||
| 110 |
_aProduce Ministerio de la Producción. _951692 |
||
| 245 |
_aCITE / _btextil camélidos Cusco. |
||
| 260 |
_aCusco _bMinisterio de la Producción. _c2025 |
||
| 300 |
_a166 páginas. : _c21 x 30 cm. |
||
| 505 | _a El papel de los camélidos -- Hilos de origen que narran nuestra historia -- Nuestra razón de ser -- Así transformamos el sector textil -- Nuestros logros en acción -- Colecciones -- " Qérocha " -- " Willka " Chinchero -- Innovación y tecnología con propósito -- Revolucionando la producción -- De la teoría a la práctica -- Tradición y tecnología en colaboración -- Diagnóstico de competitividad -- Certificación que transforma vidas -- Proyectos que impulsan el futuro -- Un hito en la innovación -- Concurso Postdoctoral -- Alianzas estratégicas que fortalecen -- World Visión -- UNSAAC - Paqarina Wasi -- Instituto Khipu -- Centro Artesanal -- Cámara de Comercio -- Instituto Nacional Penitenciario -- Proyectando nuestra esencia al mundo -- Logros que tejen nuestra historia... | ||
| 650 |
_aLos camélidos pilares del imperio Inca _951693 |
||
| 650 |
_aEl alpaca arte de la textilería _951694 |
||
| 650 |
_aLa llama transporte y sostenibilidad _951695 |
||
| 650 |
_aLegado y continuidad _951696 |
||
| 650 |
_aSoporte productivo _951697 |
||
| 650 |
_aArticulación y vinculación comercial _951698 |
||
| 650 |
_aInnovación teñido natural _951699 |
||
| 650 |
_aExpandiendo el impacto _951700 |
||
| 650 |
_aCapacitación integral _951701 |
||
| 650 |
_aPresencia comercial _951702 |
||
| 650 |
_aDemostraciones Tecnológicas _951703 |
||
| 710 |
_aMinisterio de la Producción. _951704 |
||
| 856 | _fwww.gob.pe/itp | ||
| 942 |
_2ddc _cLIBROS |
||
| 945 |
_ajmcs _d16/12/2025 |
||